Kathaakruthu-Sakshi (Record no. 54115)

MARC details
000 -LEADER
fixed length control field 00550nam a2200205Ia 4500
003 - CONTROL NUMBER IDENTIFIER
control field OSt
005 - DATE AND TIME OF LATEST TRANSACTION
control field 20260330152459.0
008 - FIXED-LENGTH DATA ELEMENTS--GENERAL INFORMATION
fixed length control field 211109s9999||||xx |||||||||||||| ||und||
040 ## - CATALOGING SOURCE
Transcribing agency SBCL
082 ## - DEWEY DECIMAL CLASSIFICATION NUMBER
Classification number 894.8123
Item number PAD-T
100 ## - MAIN ENTRY--PERSONAL NAME
Personal name Padmanabhan,T
245 #0 - TITLE STATEMENT
Title Kathaakruthu-Sakshi
260 ## - PUBLICATION, DISTRIBUTION, ETC.
Name of publisher, distributor, etc. DC Books
Place of publication, distribution, etc. Kottayam
300 ## - PHYSICAL DESCRIPTION
Extent 128p.
630 ## - SUBJECT ADDED ENTRY--UNIFORM TITLE
General subdivision Literature & rhetoric
650 ## - SUBJECT ADDED ENTRY--TOPICAL TERM
Topical term or geographic name entry element Literatures of other languages
650 ## - SUBJECT ADDED ENTRY--TOPICAL TERM
Topical term or geographic name entry element Altaic, Uralic, Hyperborean & Dravidian
942 ## - ADDED ENTRY ELEMENTS (KOHA)
Koha item type BOOK
650 ## - SUBJECT ADDED ENTRY--TOPICAL TERM
Form subdivision malayalam literature
General subdivision MALAYALAM LANGUAGE
Holdings
Withdrawn status Lost status Source of classification or shelving scheme Damaged status Not for loan Home library Current library Date acquired Cost, normal purchase price Total Checkouts Full call number Barcode Shelving location Date last seen Date last checked out Cost, replacement price Price effective from Koha item type
    Dewey Decimal Classification     SB LIBRARY SB LIBRARY 09/11/2021 44.00 1 894.8123 PAD-K 00096497 GENERAL STACK 10/07/2024 02/07/2024 33.00 09/11/2021 BOOK

Powered by Koha